000
00465nam a2200181Ia 4500
008
090124s9999 xx 000 0 und d
082
_b
131556
100
_a
मैथिली
245
_a
त्याची जादू
250
_a
1
260
_c
2003
300
_a
215
600
_a
मैथिली
630
_a
त्याची जादू
700
_a
मैथिली
730
_a
त्याची जादू
942
_c
BOOK
999
_c
177645
_d
177645